[Event "DEM U10w 2025"]
[Site "Willingen GER"]
[Date "2025.06.10"]
[Round "4"]
[White "Bräutigam, Viktoria"]
[Black "Hirtzel, Hanna Meiki"]
[Result "1/2-1/2"]
[Termination "normal"]
[Board "14"]
[WhiteElo "1569"]
[BlackElo "984"]
[WhiteClock "01:28:43"]
[BlackClock "01:33:00"]
[PlyCount "54"]
[WhiteFideId "34638652"]
[BlackFideId "533040648"]
[EventCountry "GER"]
[EventRounds "9"]
[EventType "swiss"]
[EventDate "2025.06.07"]

1. e4 {[%clk 01:30:57]} {[%emt 00:00:02]} d5 {[%clk 01:30:55]} {[%emt
00:00:05]} 2. exd5 {[%clk 01:31:18]} {[%emt 00:00:09]} Qxd5 {[%clk 01:31:18]}
{[%emt 00:00:08]} 3. Nc3 {[%clk 01:31:37]} {[%emt 00:00:10]} Qa5 {[%clk
01:31:40]} {[%emt 00:00:07]} 4. d4 {[%clk 01:31:59]} {[%emt 00:00:09]} c6
{[%clk 01:32:03]} {[%emt 00:00:07]} 5. Nf3 {[%clk 01:32:11]} {[%emt 00:00:18]}
Bf5 {[%clk 01:32:15]} {[%emt 00:00:17]} 6. Bc4 {[%clk 01:32:14]} {[%emt
00:00:28]} Nf6 {[%clk 01:32:21]} {[%emt 00:00:24]} 7. O-O {[%clk 01:32:29]}
{[%emt 00:00:14]} e6 {[%clk 01:32:36]} {[%emt 00:00:15]} 8. Re1 {[%clk
01:32:11]} {[%emt 00:00:49]} Bd6 {[%clk 01:32:33]} {[%emt 00:00:31]} 9. Ne5
{[%clk 01:31:31]} {[%emt 00:01:11]} O-O {[%clk 01:32:25]} {[%emt 00:00:39]} 10.
Bf4 {[%clk 01:30:52]} {[%emt 00:01:09]} Nd5 {[%clk 01:31:13]} {[%emt 00:01:35]}
11. Nxd5 {[%clk 01:29:29]} {[%emt 00:01:59]} exd5 {[%clk 01:31:19]} {[%emt
00:00:24]} 12. Bd3 {[%clk 01:29:06]} {[%emt 00:00:53]} Bxd3 {[%clk 01:31:33]}
{[%emt 00:00:16]} 13. Nxd3 {[%clk 01:28:49]} {[%emt 00:00:47]} Bxf4 {[%clk
01:31:56]} {[%emt 00:00:07]} 14. Nxf4 {[%clk 01:29:06]} {[%emt 00:00:13]} Nd7
{[%clk 01:32:05]} {[%emt 00:00:21]} 15. c3 {[%clk 01:28:55]} {[%emt 00:00:41]}
Rfe8 {[%clk 01:32:24]} {[%emt 00:00:11]} 16. Rxe8+ {[%clk 01:29:07]} {[%emt
00:00:18]} Rxe8 {[%clk 01:32:46]} {[%emt 00:00:08]} 17. h3 {[%clk 01:29:01]}
{[%emt 00:00:35]} h6 {[%clk 01:32:36]} {[%emt 00:00:41]} 18. Qd2 {[%clk
01:29:00]} {[%emt 00:00:30]} Qc7 {[%clk 01:31:45]} {[%emt 00:01:18]} 19. Nd3
{[%clk 01:29:05]} {[%emt 00:00:29]} Nf6 {[%clk 01:31:28]} {[%emt 00:00:45]} 20.
Re1 {[%clk 01:29:18]} {[%emt 00:00:18]} Rxe1+ {[%clk 01:31:52]} {[%emt
00:00:07]} 21. Qxe1 {[%clk 01:29:41]} {[%emt 00:00:06]} Kf8 {[%clk 01:31:24]}
{[%emt 00:00:53]} 22. Qe3 {[%clk 01:28:59]} {[%emt 00:01:17]} Qe7 {[%clk
01:31:28]} {[%emt 00:00:24]} 23. Qxe7+ {[%clk 01:28:59]} {[%emt 00:00:31]} Kxe7
{[%clk 01:31:50]} {[%emt 00:00:10]} 24. Kf1 {[%clk 01:29:03]} {[%emt 00:00:25]}
g5 {[%clk 01:32:02]} {[%emt 00:00:17]} 25. Ke2 {[%clk 01:29:08]} {[%emt
00:00:26]} h5 {[%clk 01:32:17]} {[%emt 00:00:15]} 26. Ne5 {[%clk 01:28:41]}
{[%emt 00:00:58]} Nd7 {[%clk 01:32:36]} {[%emt 00:00:11]} 27. Nxd7 {[%clk
01:28:43]} {[%emt 00:00:28]} Kxd7 {[%clk 01:33:00]} {[%emt 00:00:07]} 1/2-1/2

[Event "DEM U10w 2025"]
[Site "Willingen GER"]
[Date "2025.06.10"]
[Round "4"]
[White "Sniegowski, Amalia"]
[Black "Missova, Dimana"]
[Result "1-0"]
[Termination "normal"]
[Board "15"]
[WhiteElo "1411"]
[BlackElo "945"]
[WhiteClock "01:03:16"]
[BlackClock "01:05:13"]
[PlyCount "77"]
[WhiteFideId "34675620"]
[BlackFideId "533043582"]
[EventCountry "GER"]
[EventRounds "9"]
[EventType "swiss"]
[EventDate "2025.06.07"]

1. e4 {[%clk 01:30:57]} {[%emt 00:00:01]} e5 {[%clk 01:30:57]} {[%emt
00:00:04]} 2. Nf3 {[%clk 01:31:22]} {[%emt 00:00:05]} Nc6 {[%clk 01:31:21]}
{[%emt 00:00:06]} 3. Bc4 {[%clk 01:31:43]} {[%emt 00:00:09]} Bc5 {[%clk
01:31:41]} {[%emt 00:00:08]} 4. c3 {[%clk 01:31:52]} {[%emt 00:00:23]} Nf6
{[%clk 01:32:05]} {[%emt 00:00:06]} 5. d3 {[%clk 01:32:14]} {[%emt 00:00:08]}
d6 {[%clk 01:32:23]} {[%emt 00:00:11]} 6. O-O {[%clk 01:32:22]} {[%emt
00:00:23]} h6 {[%clk 01:32:47]} {[%emt 00:00:05]} 7. Nbd2 {[%clk 01:32:19]}
{[%emt 00:00:33]} a6 {[%clk 01:32:25]} {[%emt 00:00:51]} 8. Re1 {[%clk
01:31:53]} {[%emt 00:00:57]} O-O {[%clk 01:32:21]} {[%emt 00:00:34]} 9. Nf1
{[%clk 01:31:35]} {[%emt 00:00:48]} Re8 {[%clk 01:31:57]} {[%emt 00:00:54]} 10.
Ng3 {[%clk 01:31:15]} {[%emt 00:00:49]} Bg4 {[%clk 01:31:43]} {[%emt 00:00:44]}
11. h3 {[%clk 01:31:26]} {[%emt 00:00:19]} Be6 {[%clk 01:31:54]} {[%emt
00:00:19]} 12. Bb3 {[%clk 01:30:38]} {[%emt 00:01:19]} Qd7 {[%clk 01:30:30]}
{[%emt 00:01:52]} 13. Be3 {[%clk 01:27:43]} {[%emt 00:03:27]} Bb6 {[%clk
01:30:20]} {[%emt 00:00:40]} 14. Bxb6 {[%clk 01:26:03]} {[%emt 00:02:10]} cxb6
{[%clk 01:30:36]} {[%emt 00:00:14]} 15. d4 {[%clk 01:24:41]} {[%emt 00:01:52]}
Bxb3 {[%clk 01:28:02]} {[%emt 00:03:03]} 16. Qxb3 {[%clk 01:24:15]} {[%emt
00:00:55]} b5 {[%clk 01:27:09]} {[%emt 00:01:24]} 17. Rad1 {[%clk 01:19:48]}
{[%emt 00:04:57]} Rad8 {[%clk 01:23:23]} {[%emt 00:04:17]} 18. Qc2 {[%clk
01:12:29]} {[%emt 00:07:49]} Qc8 {[%clk 01:17:54]} {[%emt 00:06:00]} 19. Nf5
{[%clk 01:09:58]} {[%emt 00:03:01]} Ne7 {[%clk 01:14:48]} {[%emt 00:03:36]} 20.
dxe5 {[%clk 01:07:51]} {[%emt 00:02:36]} Nxf5 {[%clk 01:15:00]} {[%emt
00:00:18]} 21. exf6 {[%clk 01:07:55]} {[%emt 00:00:25]} gxf6 {[%clk 01:14:28]}
{[%emt 00:01:02]} 22. exf5 {[%clk 01:08:01]} {[%emt 00:00:24]} Rxe1+ {[%clk
01:14:37]} {[%emt 00:00:22]} 23. Rxe1 {[%clk 01:08:18]} {[%emt 00:00:13]} a5
{[%clk 01:08:19]} {[%emt 00:06:48]} 24. Qc1 {[%clk 01:07:42]} {[%emt 00:01:05]}
Kg7 {[%clk 01:07:52]} {[%emt 00:00:57]} 25. Qf4 {[%clk 01:03:44]} {[%emt
00:04:27]} Qb8 {[%clk 01:04:44]} {[%emt 00:03:40]} 26. Qg4+ {[%clk 01:02:23]}
{[%emt 00:01:50]} Kf8 {[%clk 01:04:50]} {[%emt 00:00:24]} 27. Qh5 {[%clk
01:02:01]} {[%emt 00:00:50]} Kg7 {[%clk 01:04:47]} {[%emt 00:00:35]} 28. Re7
{[%clk 01:02:06]} {[%emt 00:00:25]} Rf8 {[%clk 01:04:43]} {[%emt 00:00:34]} 29.
Qg6+ {[%clk 01:01:57]} {[%emt 00:00:39]} Kh8 {[%clk 01:04:41]} {[%emt
00:00:29]} 30. Rxf7 {[%clk 01:01:39]} {[%emt 00:00:51]} Rxf7 {[%clk 01:04:45]}
{[%emt 00:00:26]} 31. Qxf7 {[%clk 01:01:57]} {[%emt 00:00:11]} Qd8 {[%clk
01:04:13]} {[%emt 00:01:03]} 32. Nh4 {[%clk 01:01:59]} {[%emt 00:00:28]} Qg8
{[%clk 01:04:14]} {[%emt 00:00:30]} 33. Ng6+ {[%clk 01:02:19]} {[%emt
00:00:10]} Qxg6 {[%clk 01:04:19]} {[%emt 00:00:24]} 34. Qxg6 {[%clk 01:02:41]}
{[%emt 00:00:07]} d5 {[%clk 01:04:28]} {[%emt 00:00:22]} 35. Qxf6+ {[%clk
01:02:42]} {[%emt 00:00:28]} Kh7 {[%clk 01:04:36]} {[%emt 00:00:23]} 36. Qg6+
{[%clk 01:02:57]} {[%emt 00:00:15]} Kh8 {[%clk 01:04:58]} {[%emt 00:00:07]} 37.
f6 {[%clk 01:03:16]} {[%emt 00:00:12]} b6 {[%clk 01:05:17]} {[%emt 00:00:12]}
38. f7 {[%clk 01:03:37]} {[%emt 00:00:08]} h5 {[%clk 01:05:13]} {[%emt
00:00:35]} 39. Qg8# {[%clk 01:03:16]} {[%emt 00:00:19]} 1-0

[Event "DEM U10w 2025"]
[Site "Willingen GER"]
[Date "2025.06.10"]
[Round "4"]
[White "Seyedfakhari, Elena"]
[Black "Kasperczyk, Sara"]
[Result "1-0"]
[Termination "normal"]
[Board "16"]
[WhiteElo "1477"]
[BlackElo "784"]
[WhiteClock "01:27:49"]
[BlackClock "01:04:46"]
[PlyCount "79"]
[WhiteFideId "34639888"]
[BlackFideId "533043574"]
[EventCountry "GER"]
[EventRounds "9"]
[EventType "swiss"]
[EventDate "2025.06.07"]

1. e4 {[%clk 01:30:57]} {[%emt 00:00:01]} e5 {[%clk 01:30:55]} {[%emt
00:00:36]} 2. Nf3 {[%clk 01:31:10]} {[%emt 00:00:15]} Nc6 {[%clk 01:30:35]}
{[%emt 00:00:53]} 3. Nc3 {[%clk 01:31:23]} {[%emt 00:00:17]} Nf6 {[%clk
01:30:16]} {[%emt 00:00:49]} 4. Bb5 {[%clk 01:30:46]} {[%emt 00:01:04]} Bd6
{[%clk 01:29:22]} {[%emt 00:01:27]} 5. O-O {[%clk 01:30:34]} {[%emt 00:00:42]}
O-O {[%clk 01:28:35]} {[%emt 00:01:02]} 6. d3 {[%clk 01:30:35]} {[%emt
00:00:43]} a6 {[%clk 01:27:39]} {[%emt 00:01:26]} 7. Bxc6 {[%clk 01:30:05]}
{[%emt 00:00:53]} dxc6 {[%clk 01:27:09]} {[%emt 00:01:07]} 8. d4 {[%clk
01:29:28]} {[%emt 00:00:56]} exd4 {[%clk 01:26:30]} {[%emt 00:01:19]} 9. Qxd4
{[%clk 01:29:22]} {[%emt 00:00:36]} c5 {[%clk 01:25:00]} {[%emt 00:02:00]} 10.
Qe3 {[%clk 01:29:15]} {[%emt 00:00:35]} Nh5 {[%clk 01:23:36]} {[%emt 00:01:56]}
11. h3 {[%clk 01:27:46]} {[%emt 00:01:38]} c4 {[%clk 01:20:46]} {[%emt
00:03:43]} 12. e5 {[%clk 01:27:49]} {[%emt 00:00:25]} Re8 {[%clk 01:19:42]}
{[%emt 00:01:33]} 13. g4 {[%clk 01:27:57]} {[%emt 00:00:25]} Nf6 {[%clk
01:18:41]} {[%emt 00:01:30]} 14. Qd4 {[%clk 01:27:05]} {[%emt 00:01:09]} Re6
{[%clk 01:10:11]} {[%emt 00:09:13]} 15. exf6 {[%clk 01:26:13]} {[%emt
00:01:22]} Rxf6 {[%clk 01:09:44]} {[%emt 00:00:58]} 16. Bg5 {[%clk 01:26:25]}
{[%emt 00:00:16]} Be7 {[%clk 01:06:01]} {[%emt 00:04:15]} 17. Qxd8+ {[%clk
01:26:37]} {[%emt 00:00:18]} Bxd8 {[%clk 01:06:10]} {[%emt 00:00:21]} 18. Bxf6
{[%clk 01:26:52]} {[%emt 00:00:12]} Bxf6 {[%clk 01:06:18]} {[%emt 00:00:26]}
19. Rfe1 {[%clk 01:27:01]} {[%emt 00:00:18]} Bd7 {[%clk 01:05:52]} {[%emt
00:00:59]} 20. Nd5 {[%clk 01:27:07]} {[%emt 00:00:23]} Bxb2 {[%clk 01:05:47]}
{[%emt 00:00:37]} 21. Rab1 {[%clk 01:27:19]} {[%emt 00:00:17]} Ba3 {[%clk
01:05:46]} {[%emt 00:00:30]} 22. Nxc7 {[%clk 01:27:05]} {[%emt 00:00:45]} Rc8
{[%clk 01:05:33]} {[%emt 00:00:44]} 23. Nd5 {[%clk 01:27:00]} {[%emt 00:00:32]}
Bc5 {[%clk 01:05:14]} {[%emt 00:00:51]} 24. Rxb7 {[%clk 01:27:02]} {[%emt
00:00:28]} Bc6 {[%clk 01:04:50]} {[%emt 00:00:50]} 25. Ne7+ {[%clk 01:26:37]}
{[%emt 00:00:56]} Bxe7 {[%clk 01:04:11]} {[%emt 00:01:12]} 26. Rbxe7 {[%clk
01:26:54]} {[%emt 00:00:12]} Kf8 {[%clk 01:04:19]} {[%emt 00:00:21]} 27. Ng5
{[%clk 01:26:46]} {[%emt 00:00:34]} Kg8 {[%clk 01:04:23]} {[%emt 00:00:31]} 28.
Rxf7 {[%clk 01:26:05]} {[%emt 00:01:12]} Be8 {[%clk 01:04:10]} {[%emt
00:00:41]} 29. Rfe7 {[%clk 01:26:00]} {[%emt 00:00:23]} Kf8 {[%clk 01:03:45]}
{[%emt 00:01:09]} 30. Nxh7+ {[%clk 01:25:59]} {[%emt 00:00:31]} Kg8 {[%clk
01:03:43]} {[%emt 00:00:33]} 31. Rxe8+ {[%clk 01:26:08]} {[%emt 00:00:21]} Rxe8
{[%clk 01:03:59]} {[%emt 00:00:14]} 32. Rxe8+ {[%clk 01:26:26]} {[%emt
00:00:12]} Kxh7 {[%clk 01:04:14]} {[%emt 00:00:14]} 33. Kg2 {[%clk 01:26:43]}
{[%emt 00:00:13]} a5 {[%clk 01:04:33]} {[%emt 00:00:12]} 34. Kf3 {[%clk
01:27:06]} {[%emt 00:00:06]} c3 {[%clk 01:04:56]} {[%emt 00:00:08]} 35. Kf4
{[%clk 01:27:32]} {[%emt 00:00:04]} a4 {[%clk 01:05:16]} {[%emt 00:00:11]} 36.
Kf5 {[%clk 01:27:39]} {[%emt 00:00:20]} g6+ {[%clk 01:05:14]} {[%emt 00:00:34]}
37. Kf6 {[%clk 01:27:55]} {[%emt 00:00:12]} a3 {[%clk 01:05:16]} {[%emt
00:00:31]} 38. Rf8 {[%clk 01:27:58]} {[%emt 00:00:23]} g5 {[%clk 01:04:33]}
{[%emt 00:01:16]} 39. Kf7 {[%clk 01:28:02]} {[%emt 00:00:25]} Kh6 {[%clk
01:04:46]} {[%emt 00:00:18]} 40. Rh8+ {[%clk 01:27:49]} {[%emt 00:00:11]} 1-0

[Event "DEM U10w 2025"]
[Site "Willingen GER"]
[Date "2025.06.10"]
[Round "4"]
[White "Winkler, Helena"]
[Black "Kruijssen, Hilde"]
[Result "1-0"]
[Termination "normal"]
[Board "17"]
[WhiteElo "953"]
[BlackElo "1457"]
[WhiteClock "01:22:30"]
[BlackClock "00:37:08"]
[PlyCount "55"]
[WhiteFideId "533018847"]
[BlackFideId "40100090"]
[EventCountry "GER"]
[EventRounds "9"]
[EventType "swiss"]
[EventDate "2025.06.07"]

1. d4 {[%clk 01:30:57]} {[%emt 00:00:02]} d5 {[%clk 01:30:53]} {[%emt
00:00:07]} 2. c4 {[%clk 01:31:20]} {[%emt 00:00:07]} e6 {[%clk 01:31:17]}
{[%emt 00:00:06]} 3. Nf3 {[%clk 01:31:40]} {[%emt 00:00:10]} c5 {[%clk
01:31:37]} {[%emt 00:00:10]} 4. e3 {[%clk 01:31:52]} {[%emt 00:00:19]} Nf6
{[%clk 01:31:01]} {[%emt 00:01:06]} 5. Nc3 {[%clk 01:31:48]} {[%emt 00:00:34]}
Be7 {[%clk 01:29:46]} {[%emt 00:01:44]} 6. Bd3 {[%clk 01:32:05]} {[%emt
00:00:13]} O-O {[%clk 01:29:12]} {[%emt 00:01:04]} 7. O-O {[%clk 01:31:26]}
{[%emt 00:01:09]} dxc4 {[%clk 01:27:37]} {[%emt 00:02:04]} 8. Bxc4 {[%clk
01:31:31]} {[%emt 00:00:25]} a6 {[%clk 01:27:28]} {[%emt 00:00:39]} 9. a3
{[%clk 01:31:28]} {[%emt 00:00:34]} b5 {[%clk 01:27:35]} {[%emt 00:00:23]} 10.
Be2 {[%clk 01:31:33]} {[%emt 00:00:23]} Bb7 {[%clk 01:26:42]} {[%emt 00:01:25]}
11. dxc5 {[%clk 01:31:36]} {[%emt 00:00:27]} Bxc5 {[%clk 01:26:47]} {[%emt
00:00:25]} 12. b4 {[%clk 01:31:50]} {[%emt 00:00:16]} Be7 {[%clk 01:25:45]}
{[%emt 00:01:31]} 13. Bb2 {[%clk 01:30:03]} {[%emt 00:02:18]} Nbd7 {[%clk
01:25:50]} {[%emt 00:00:25]} 14. Bd3 {[%clk 01:28:56]} {[%emt 00:01:37]} Nb6
{[%clk 01:22:48]} {[%emt 00:03:31]} 15. Ne2 {[%clk 01:27:49]} {[%emt 00:01:38]}
Bxf3 {[%clk 01:16:00]} {[%emt 00:07:16]} 16. gxf3 {[%clk 01:27:50]} {[%emt
00:00:31]} Nh5 {[%clk 01:10:10]} {[%emt 00:06:20]} 17. Kh1 {[%clk 01:27:56]}
{[%emt 00:00:25]} Bd6 {[%clk 01:08:08]} {[%emt 00:02:32]} 18. Rg1 {[%clk
01:28:05]} {[%emt 00:00:20]} Qh4 {[%clk 01:07:04]} {[%emt 00:01:33]} 19. f4
{[%clk 01:27:35]} {[%emt 00:01:00]} Qxf2 {[%clk 01:03:59]} {[%emt 00:03:36]}
20. Qd2 {[%clk 01:26:24]} {[%emt 00:01:40]} Nd5 {[%clk 01:00:14]} {[%emt
00:04:16]} 21. Rg5 {[%clk 01:22:54]} {[%emt 00:03:53]} Nhf6 {[%clk 00:56:30]}
{[%emt 00:04:21]} 22. Rag1 {[%clk 01:22:46]} {[%emt 00:00:36]} Qf3+ {[%clk
00:53:15]} {[%emt 00:03:45]} 23. R1g2 {[%clk 01:22:52]} {[%emt 00:00:22]} Nh5
{[%clk 00:46:00]} {[%emt 00:07:49]} 24. Ng1 {[%clk 01:22:40]} {[%emt 00:00:42]}
Qxe3 {[%clk 00:40:35]} {[%emt 00:05:56]} 25. Bxg7 {[%clk 01:22:08]} {[%emt
00:01:01]} Qxd2 {[%clk 00:38:41]} {[%emt 00:02:24]} 26. Bc3+ {[%clk 01:22:05]}
{[%emt 00:00:33]} Ng7 {[%clk 00:37:31]} {[%emt 00:01:41]} 27. Rxg7+ {[%clk
01:22:22]} {[%emt 00:00:13]} Kh8 {[%clk 00:37:08]} {[%emt 00:00:53]} 28. Rxh7#
{[%clk 01:22:30]} {[%emt 00:00:21]} 1-0

[Event "DEM U10w 2025"]
[Site "Willingen GER"]
[Date "2025.06.10"]
[Round "4"]
[White "Hellriegel, Emma"]
[Black "He, Siqi"]
[Result "0-1"]
[Termination "normal"]
[Board "18"]
[WhiteElo "999"]
[BlackElo "952"]
[WhiteClock "00:55:22"]
[BlackClock "01:28:54"]
[PlyCount "126"]
[WhiteFideId "533043558"]
[BlackFideId "34682708"]
[EventCountry "GER"]
[EventRounds "9"]
[EventType "swiss"]
[EventDate "2025.06.07"]

1. e4 {[%clk 01:30:59]} e5 {[%clk 01:30:56]} {[%emt 00:00:05]} 2. Nf3 {[%clk
01:31:24]} {[%emt 00:00:04]} Nc6 {[%clk 01:31:22]} {[%emt 00:00:05]} 3. Bc4
{[%clk 01:31:48]} {[%emt 00:00:06]} Nf6 {[%clk 01:31:30]} {[%emt 00:00:20]} 4.
O-O {[%clk 01:31:30]} {[%emt 00:00:50]} Bc5 {[%clk 01:31:46]} {[%emt 00:00:14]}
5. Nc3 {[%clk 01:31:22]} {[%emt 00:00:37]} d6 {[%clk 01:31:58]} {[%emt
00:00:19]} 6. h3 {[%clk 01:30:57]} {[%emt 00:00:55]} O-O {[%clk 01:32:17]}
{[%emt 00:00:11]} 7. d3 {[%clk 01:31:08]} {[%emt 00:00:19]} h6 {[%clk
01:32:23]} {[%emt 00:00:24]} 8. Be3 {[%clk 01:31:11]} {[%emt 00:00:25]} Bb6
{[%clk 01:32:43]} {[%emt 00:00:11]} 9. Re1 {[%clk 01:30:58]} {[%emt 00:00:43]}
d5 {[%clk 01:32:47]} {[%emt 00:00:27]} 10. exd5 {[%clk 01:31:05]} {[%emt
00:00:23]} Nd4 {[%emt 00:01:07]} 11. Nxe5 {[%clk 01:29:42]} {[%emt 00:01:51]}
Qe7 {[%clk 01:32:01]} {[%emt 00:00:41]} 12. Bxd4 {[%clk 01:26:57]} {[%emt
00:03:15]} Bxd4 {[%clk 01:32:02]} {[%emt 00:00:30]} 13. Nf3 {[%clk 01:26:20]}
{[%emt 00:01:04]} Qc5 {[%clk 01:32:19]} {[%emt 00:00:13]} 14. Nxd4 {[%clk
01:26:23]} {[%emt 00:00:28]} Qxd4 {[%clk 01:32:34]} {[%emt 00:00:08]} 15. Qf3
{[%clk 01:22:12]} {[%emt 00:04:35]} Qb6 {[%clk 01:27:56]} {[%emt 00:05:21]} 16.
Rab1 {[%clk 01:21:15]} {[%emt 00:01:27]} c6 {[%clk 01:27:33]} {[%emt 00:00:54]}
17. dxc6 {[%emt 00:01:07]} bxc6 {[%clk 01:27:50]} {[%emt 00:00:02]} 18. Bb5
{[%clk 01:19:36]} {[%emt 00:01:42]} Bxh3 {[%clk 01:27:46]} {[%emt 00:00:33]}
19. Qxc6 {[%clk 01:16:37]} {[%emt 00:03:30]} Be6 {[%clk 01:25:40]} {[%emt
00:02:35]} 20. Qxb6 {[%clk 01:16:04]} {[%emt 00:01:04]} axb6 {[%clk 01:25:52]}
{[%emt 00:00:18]} 21. Ra1 {[%clk 01:12:13]} {[%emt 00:04:21]} Rfc8 {[%clk
01:23:53]} {[%emt 00:02:28]} 22. a4 {[%clk 01:07:27]} {[%emt 00:05:17]} Rc5
{[%clk 01:22:38]} {[%emt 00:01:44]} 23. Rec1 {[%clk 01:06:00]} {[%emt
00:01:57]} Rg5 {[%clk 01:22:06]} {[%emt 00:01:03]} 24. Bc6 {[%clk 01:00:24]}
{[%emt 00:06:03]} Rc8 {[%clk 01:22:09]} {[%emt 00:00:30]} 25. Bf3 {[%clk
00:59:45]} {[%emt 00:01:03]} Rcc5 {[%clk 01:22:00]} {[%emt 00:00:44]} 26. Ne4
{[%clk 00:58:21]} {[%emt 00:01:51]} Nxe4 {[%clk 01:22:16]} {[%emt 00:00:18]}
27. Bxe4 {[%clk 00:58:20]} {[%emt 00:00:32]} Rh5 {[%clk 01:21:27]} {[%emt
00:01:19]} 28. b4 {[%clk 00:55:36]} {[%emt 00:03:14]} Rcg5 {[%clk 01:20:54]}
{[%emt 00:01:01]} 29. a5 {[%clk 00:54:53]} {[%emt 00:01:15]} bxa5 {[%clk
01:21:10]} {[%emt 00:00:14]} 30. bxa5 {[%clk 00:55:07]} {[%emt 00:00:17]} Rxa5
{[%clk 01:21:29]} {[%emt 00:00:10]} 31. Rxa5 {[%clk 00:55:27]} {[%emt
00:00:10]} Rxa5 {[%clk 01:21:56]} {[%emt 00:00:03]} 32. c4 {[%emt 00:01:06]} f5
{[%clk 01:21:59]} 33. Bb7 {[%clk 00:53:43]} {[%emt 00:02:00]} Ra7 {[%clk
01:21:48]} {[%emt 00:00:45]} 34. Bd5 {[%clk 00:52:16]} {[%emt 00:01:56]} Bxd5
{[%clk 01:21:24]} {[%emt 00:00:55]} 35. cxd5 {[%clk 00:52:35]} {[%emt
00:00:12]} Ra4 {[%clk 01:21:48]} {[%emt 00:00:06]} 36. Rc5 {[%clk 00:51:51]}
{[%emt 00:01:14]} Kf7 {[%clk 01:22:09]} {[%emt 00:00:09]} 37. d6 {[%clk
00:51:55]} {[%emt 00:00:27]} Ke6 {[%clk 01:22:29]} {[%emt 00:00:11]} 38. Rc6
{[%emt 00:01:32]} Rd4 {[%clk 01:22:48]} 39. Kf1 {[%clk 00:50:37]} {[%emt
00:00:54]} Rxd3 {[%clk 01:23:13]} {[%emt 00:00:06]} 40. Ke2 {[%clk 00:50:55]}
{[%emt 00:00:12]} Rxd6 {[%clk 01:23:36]} {[%emt 00:00:07]} 41. Rxd6+ {[%clk
00:51:15]} {[%emt 00:00:10]} Kxd6 {[%clk 01:24:01]} {[%emt 00:00:06]} 42. Kf3
{[%clk 00:51:18]} {[%emt 00:00:27]} Ke5 {[%clk 01:24:23]} {[%emt 00:00:08]} 43.
g4 {[%clk 00:51:00]} {[%emt 00:00:48]} fxg4+ {[%clk 01:24:37]} {[%emt
00:00:16]} 44. Kxg4 {[%clk 00:51:21]} {[%emt 00:00:09]} Kf6 {[%clk 01:25:02]}
{[%emt 00:00:04]} 45. f4 {[%clk 00:51:29]} {[%emt 00:00:22]} g6 {[%clk
01:25:07]} {[%emt 00:00:25]} 46. Kh4 {[%clk 00:50:36]} {[%emt 00:01:22]} Kf5
{[%clk 01:25:20]} {[%emt 00:00:17]} 47. Kg3 {[%clk 00:50:51]} {[%emt 00:00:15]}
h5 {[%clk 01:25:04]} {[%emt 00:00:46]} 48. Kh4 {[%clk 00:51:01]} {[%emt
00:00:20]} Kxf4 {[%clk 01:25:12]} {[%emt 00:00:22]} 49. Kh3 {[%clk 00:51:21]}
{[%emt 00:00:10]} g5 {[%clk 01:25:33]} {[%emt 00:00:10]} 50. Kh2 {[%clk
00:51:42]} {[%emt 00:00:08]} g4 {[%clk 01:25:52]} {[%emt 00:00:11]} 51. Kg2
{[%clk 00:52:02]} {[%emt 00:00:09]} h4 {[%clk 01:26:12]} {[%emt 00:00:11]} 52.
Kh2 {[%clk 00:52:25]} {[%emt 00:00:07]} Kf3 {[%clk 01:26:29]} {[%emt 00:00:12]}
53. Kg1 {[%clk 00:52:42]} {[%emt 00:00:14]} h3 {[%clk 01:26:16]} {[%emt
00:00:43]} 54. Kh2 {[%clk 00:52:49]} {[%emt 00:00:22]} g3+ {[%clk 01:26:32]}
{[%emt 00:00:14]} 55. Kh1 {[%clk 00:52:57]} {[%emt 00:00:22]} g2+ {[%clk
01:26:21]} {[%emt 00:00:42]} 56. Kg1 {[%clk 00:52:52]} {[%emt 00:00:35]} h2+
{[%clk 01:26:38]} {[%emt 00:00:12]} 57. Kxh2 {[%clk 00:53:17]} {[%emt
00:00:05]} Kf2 {[%clk 01:27:01]} {[%emt 00:00:08]} 58. Kh3 {[%clk 00:53:27]}
{[%emt 00:00:20]} g1=Q {[%clk 01:27:22]} {[%emt 00:00:08]} 59. Kh4 {[%clk
00:53:52]} {[%emt 00:00:05]} Kf3 {[%clk 01:27:39]} {[%emt 00:00:13]} 60. Kh5
{[%clk 00:54:13]} {[%emt 00:00:09]} Kf4 {[%clk 01:27:59]} {[%emt 00:00:10]} 61.
Kh6 {[%clk 00:54:36]} {[%emt 00:00:07]} Kf5 {[%clk 01:28:13]} {[%emt 00:00:16]}
62. Kh7 {[%clk 00:55:01]} {[%emt 00:00:05]} Kf6 {[%clk 01:28:33]} {[%emt
00:00:10]} 63. Kh6 {[%clk 00:55:22]} {[%emt 00:00:09]} Qh1 {[%clk 01:28:54]}
{[%emt 00:00:10]} 0-1